000 00473nam a2200181Ia 4500
001 18495
005 20260306171635.0
008 260306s9999||||xx |||||||||||||| ||und||
041 _aESP
082 _a658.406
_bH412
100 _aHidalgo Nuchera, Antonio
_eAUT
245 0 _aLa gestión de la innovación y la tecnología en las organizaciones
260 _c2014
300 _a559 páginas :
_c24 cm.
650 _aGEN
654 _aCAN
942 _cLIB
_dJUS
_fJUS
_2ddc
_n
999 _c18495
_d18495